[Event "Asian Juniors"]
[Site "Bikaner IND"]
[Date "2004.12.27"]
[Round "7"]
[White "Holmirzaev,B"]
[Black "Venkatesh,M"]
[Result "0-1"]
[WhiteElo "2161"]
[BlackElo "2450"]

1.e4 c5 2.Nf3 Nc6 3.d4 cxd4 4.Nxd4 Nf6 5.Nc3 d6 6.Bg5 e6 7.Qd2 a6 8.O-O-O Bd7
9.f4 b5 10.a3 Qb6 11.Nb3 Rd8 12.Bd3 Be7 13.f5 O-O 14.g4 b4 15.axb4 Qxb4 16.Rhg1 a5
17.Ne2 Qb7 18.Be3 a4 19.g5 axb3 20.gxf6 Bxf6 21.c3 Ra8 22.Bh6 Ra1+ 23.Bb1 Ne5
24.Qf4 Qa6 25.Bxg7 Bxg7 26.Rxg7+ Kxg7 27.Qg5+ Ng6 28.Nf4 Rxb1+ 29.Kxb1 Qa2+
30.Kc1 Qa1+ 31.Kd2 Qxb2+ 32.Ke3 Qxc3+ 33.Rd3 Qe1+ 34.Kf3 Qf1+ 35.Ke3 Qxf4+  0-1

[Event "GM"]
[Site "Augsburg GER"]
[Date "2004.12.28"]
[Round "2"]
[White "Arnold,L"]
[Black "Van der Weide,K"]
[Result "1/2-1/2"]
[WhiteElo "2340"]
[BlackElo "2457"]

1.e4 c5 2.Nf3 Nc6 3.d4 cxd4 4.Nxd4 Nf6 5.Nc3 d6 6.Bg5 e6 7.Qd2 a6 8.O-O-O Bd7
9.f4 b5 10.Bxf6 gxf6 11.Kb1 b4 12.Nce2 Qb6 13.Qe1 Nxd4 14.Nxd4 Rc8 15.f5 e5
16.Nf3 Qc5 17.Bd3 a5 18.Qg1 Bh6 19.Qxc5 Rxc5 20.Nd2 Bxd2 21.Rxd2 d5 22.exd5 Rxd5
23.Kc1 Ke7 24.Be4 Rxd2 25.Kxd2 Rd8 26.Ke3 Bb5 27.Ra1 a4 28.a3 bxa3 29.Rxa3 Rd1
30.b3 Re1+ 31.Kf3 Rf1+ 32.Ke3 Re1+ 33.Kf3 Rf1+ 34.Ke3 Re1+  1/2-1/2

[Event "Open A"]
[Site "Krakow POL"]
[Date "2004.12.28"]
[Round "2"]
[White "Bindrich,F"]
[Black "Majdan,J"]
[Result "1/2-1/2"]
[WhiteElo "2351"]
[BlackElo "2219"]

1.e4 c5 2.Nf3 d6 3.d4 cxd4 4.Nxd4 Nf6 5.Nc3 Nc6 6.Bg5 e6 7.Qd2 Be7 8.O-O-O O-O
9.h4 h6 10.Nxc6 bxc6 11.Bf4 e5 12.Bh2 Rb8 13.f3 Be6 14.Kb1 Qb6 15.Na4 Qb7
16.b3 Nd7 17.Nb2 d5 18.Bd3 a5 19.f4 dxe4 20.Bxe4 Nc5 21.Bf3 a4 22.g4 axb3
23.cxb3 Ra8 24.f5 Bxb3 25.axb3 Qxb3 26.Bg2 Qa2+ 27.Kc2 Qb3+ 28.Kb1 Qa2+ 29.Kc2  1/2-1/2

[Event "Open"]
[Site "Pamplona ESP"]
[Date "2004.12.28"]
[Round "8"]
[White "Perez,Rod"]
[Black "Ros Octavio de Toledo,E"]
[Result "1-0"]
[WhiteElo "2422"]
[BlackElo "2172"]

1.e4 c5 2.Nf3 d6 3.d4 cxd4 4.Nxd4 Nf6 5.Nc3 Nc6 6.Bg5 e6 7.Qd2 Be7 8.O-O-O O-O
9.f4 Nxd4 10.Qxd4 Qa5 11.Bc4 Bd7 12.Rhe1 h6 13.Bh4 Bc6 14.f5 b5 15.Bb3 b4
16.e5 dxe5 17.Rxe5 Qc7 18.fxe6 fxe6 19.Rxe6 Kh8 20.Qc4 Rac8 21.Ne2 Qb7 22.Nf4 Be4
23.Qe2 g5 24.Rxe7 Qxe7 25.Ng6+ Bxg6 26.Qxe7 gxh4 27.Rf1 Rce8 28.Qxb4  1-0

[Event "Asian Juniors"]
[Site "Bikaner IND"]
[Date "2004.12.29"]
[Round "10"]
[White "Venkatesh,M"]
[Black "Poobesh Anand,S"]
[Result "1/2-1/2"]
[WhiteElo "2450"]
[BlackElo "2367"]

1.e4 c5 2.Nf3 Nc6 3.d4 cxd4 4.Nxd4 Nf6 5.Nc3 d6 6.Bg5 Bd7 7.Qd2 Nxd4 8.Qxd4 h6
9.Bxf6 gxf6 10.O-O-O Qa5 11.f4 Rc8 12.Kb1 Qc5 13.Qd3 Bg7 14.Be2 h5 15.Rhe1 a6
16.Bf3 b5 17.Nd5 Qc4 18.Qd2 Be6 19.f5 Bxd5 20.exd5 Bh6 21.Qf2 Qc5 22.Qe2 Rc7
23.Qe4 h4 24.Re2 Bg5  1/2-1/2

[Event "Asian Juniors"]
[Site "Bikaner IND"]
[Date "2004.12.29"]
[Round "10"]
[White "Gopal,G"]
[Black "Das,A"]
[Result "1/2-1/2"]
[WhiteElo "2278"]
[BlackElo "2353"]

1.e4 c5 2.Nf3 d6 3.d4 Nf6 4.Nc3 cxd4 5.Nxd4 Nc6 6.Bg5 e6 7.Qd2 Be7 8.O-O-O O-O
9.f4 Nxd4 10.Qxd4 Qa5 11.Kb1 Rd8 12.Qd2 Bd7 13.Bd3 h6 14.Bxf6 Bxf6 15.Nd5 Qxd2
16.Nxf6+ gxf6 17.Rxd2 Kf8 18.Be2 Ke7 19.Bf3 Bc6 20.Rhd1  1/2-1/2

[Event "Harmonie"]
[Site "Groningen NED"]
[Date "2004.12.29"]
[Round "8"]
[White "Zhigalko,A"]
[Black "Ernst,S"]
[Result "1-0"]
[WhiteElo "2515"]
[BlackElo "2521"]

1.e4 c5 2.Nf3 d6 3.d4 cxd4 4.Nxd4 Nf6 5.Nc3 Nc6 6.Bg5 Qb6 7.Nb3 e6 8.Qd2 Be7
9.O-O-O O-O 10.f3 Rd8 11.Nb5 Rd7 12.Qe1 a6 13.N5d4 Qc7 14.g4 Rd8 15.Be3 d5
16.g5 Nh5 17.Nxc6 bxc6 18.Qa5 Qe5 19.Rg1 Bd7 20.Nc5 Be8 21.Nd3 Qb8 22.Qc3 c5
23.exd5 Rxd5 24.f4 c4 25.Qxc4 Bb5 26.Qb3 Qe8 27.Bg2 Ba4 28.Bxd5 Bxb3 29.Bxb3 Qc6
30.Rge1 Bd6 31.f5 exf5 32.Bd4 Qc7 33.Ne5 Bxe5 34.Rxe5 g6 35.Rde1 Rf8 36.Bc5 Nf4
37.Kb1 Ng2 38.R1e2 Nf4 39.R2e3 Qd8 40.a4 Qxg5 41.Re8 Qg1+ 42.Ka2  1-0

[Event "Czech Christmas"]
[Site "Litomysl CZE"]
[Date "2004.12.29"]
[Round "5"]
[White "Vanek,T"]
[Black "Zawadzka,J"]
[Result "1/2-1/2"]
[WhiteElo "2060"]
[BlackElo "2329"]

1.e4 c5 2.Nf3 Nc6 3.d4 cxd4 4.Nxd4 Nf6 5.Nc3 d6 6.Bg5 e6 7.Qd2 a6 8.O-O-O h6
9.Bf4 Bd7 10.Nxc6 Bxc6 11.f3 d5 12.exd5 Nxd5 13.Nxd5 Qxd5 14.Qxd5 Bxd5 15.Bd3 Be7
16.Rhe1 O-O-O 17.c4 Bc6 18.Be4 Bd7 19.Re3 Ba4 20.b3 Rxd1+ 21.Kxd1 Rd8+ 22.Kc2 Bd7
23.Kc3 a5 24.Kc2 f6 25.Re2 g5 26.Be3 Kc7 27.Bd2 b6 28.Bf5 Bd6 29.c5 Bxc5
30.Bxe6 Re8 31.Bc4 Bf5+ 32.Kb2 Rd8 33.Bc3 Rd6 34.Re7+ Kc6 35.a4 Rd7 36.Rf7 Rd6
37.Bb5+ Kd5 38.Bc4+ Kc6 39.Rxf6 Rxf6 40.Bxf6 Bd6 41.h3 Bf8 42.Kc3 Kc5 43.Kd2 Bd7
44.Ke3 Bxa4 45.Bd4+ Kb4 46.Bxb6 Bd7 47.Bf7 Bf5 48.g4 Bc2 49.Kd2 Bxb3 50.Bxb3 Kxb3
51.Bxa5 Kc4 52.Ke3 Kd5 53.f4 gxf4+ 54.Kxf4 Ke6 55.Bc7 Kf6 56.h4 Kg6 57.h5+ Kh7
58.Kf5 Be7 59.Bf4 Bd8 60.Ke6  1/2-1/2

[Event "Czech Christmas"]
[Site "Litomysl CZE"]
[Date "2005.01.01"]
[Round "8"]
[White "Zawadzka,J"]
[Black "Manik,M"]
[Result "1/2-1/2"]
[WhiteElo "2329"]
[BlackElo "2510"]

1.e4 c5 2.Nf3 Nc6 3.d4 cxd4 4.Nxd4 Nf6 5.Nc3 d6 6.Bg5 e6 7.Qd2 a6 8.O-O-O Bd7
9.f3 Be7 10.h4 h6 11.Be3 h5 12.Nxc6 Bxc6 13.Ne2 d5 14.e5 Nd7 15.f4 g6 16.Nd4 Bxh4
17.Bd3 Nc5 18.Bxg6 fxg6  1/2-1/2

[Event "Czech Christmas"]
[Site "Litomysl CZE"]
[Date "2005.01.01"]
[Round "8"]
[White "Cernousek,L"]
[Black "Plachetka,J"]
[Result "0-1"]
[WhiteElo "2343"]
[BlackElo "2435"]

1.e4 c5 2.Nf3 Nc6 3.d4 cxd4 4.Nxd4 Nf6 5.Nc3 d6 6.Bg5 Qb6 7.Nb3 e6 8.Qd2 a6
9.O-O-O Be7 10.f4 O-O 11.Bxf6 Bxf6 12.Qxd6 Rd8 13.Qc5 Qxc5 14.Rxd8+ Bxd8
15.Nxc5 Bb6 16.Nd3 Be3+ 17.Kb1 b5 18.Nd1 Bb6 19.c3 Bb7 20.Be2 Rd8 21.Kc2 Rc8
22.Kd2 Na5 23.Bf3 Nc4+ 24.Ke2 a5 25.N1f2 b4 26.b3 Ne3 27.c4 Nc2 28.Rc1 Nd4+
29.Kf1 Rd8 30.Be2 Kf8 31.Bd1 Ke7 32.g3 f6 33.Ra1 g5 34.Rc1 Nc6 35.Bf3 gxf4
36.gxf4 Bxf2 37.Nxf2 Rd2 38.Ra1 Nd4 39.Bd1 Rb2 40.h3 f5 41.exf5 exf5 42.a3 Be4
43.axb4 axb4 44.Ra7+ Kd6 45.Rxh7 Nxb3 46.Bxb3 Rxb3 47.Nxe4+ fxe4 48.Rh5 Rb1+
49.Ke2 b3 50.Rb5 b2 51.Kd2 e3+ 52.Kc2 Rf1 53.Kxb2 e2 54.Rd5+ Kc6  0-1

[Event "GM"]
[Site "Augsburg GER"]
[Date "2005.01.03"]
[Round "8"]
[White "Arnold,L"]
[Black "Langheinrich,F"]
[Result "0-1"]
[WhiteElo "2340"]
[BlackElo "2395"]

1.e4 c5 2.Nf3 d6 3.d4 cxd4 4.Nxd4 Nf6 5.Nc3 Nc6 6.Bg5 Qb6 7.Nb3 e6 8.Qd2 a6
9.O-O-O Qc7 10.Kb1 Rb8 11.f4 b5 12.a3 Nd7 13.Be2 b4 14.axb4 Nxb4 15.Rhe1 Nc5
16.Nd5 Nxd5 17.exd5 Ne4 18.Qe3 Nxg5 19.fxg5 e5 20.Rd4 Qb6 21.Qc3 Be7 22.Rc4 Bd7
23.h4 Bd8 24.Bg4 Bb5 25.Rc8 Rxc8 26.Bxc8 O-O 27.Bg4 Qf2 28.g3 Bb6 29.Re4 Qg1+
30.Ka2 Qg2 31.Re1 e4 32.Nd4 Bxd4 33.Qxd4 Qxc2 34.Rxe4 Rb8 35.Qb4 g6 36.Be2 a5
37.Qd4 Bxe2  0-1

[Event "HSK IM"]
[Site "Hamburg GER"]
[Date "2005.01.04"]
[Round "4"]
[White "Chevelevitch,E"]
[Black "Huschenbeth,N"]
[Result "1-0"]
[WhiteElo "2370"]
[BlackElo "2118"]

1.e4 c5 2.Nf3 d6 3.d4 cxd4 4.Nxd4 Nf6 5.Nc3 Nc6 6.Bg5 e6 7.Qd3 a6 8.Be2 Be7
9.O-O O-O 10.Rad1 d5 11.exd5 Nb4 12.Qg3 Nbxd5 13.Nf5 exf5 14.Bxf6 Bxf6 15.Nxd5 Bh4
16.Qe5 Bd7 17.Bf3 Re8 18.Qf4 Bg5 19.Qb4 Rb8 20.Nb6 Re7 21.h4 a5 22.Qd6  1-0

[Event "ch-FENACH"]
[Site "Santiago CHI"]
[Date "2005.01.05"]
[Round "4"]
[White "Riffo,E"]
[Black "Vera Soto,S"]
[Result "1/2-1/2"]
[WhiteElo "2299"]
[BlackElo "2171"]

1.e4 c5 2.Nf3 Nc6 3.d4 cxd4 4.Nxd4 Nf6 5.Nc3 d6 6.Bg5 e6 7.Qd2 a6 8.O-O-O h6
9.Be3 Be7 10.f4 O-O 11.Be2 Nxd4 12.Qxd4 Qa5 13.Bf3 e5 14.Qd2 b5 15.Kb1 b4
16.Ne2 Rb8 17.Nc1 Bb7 18.Qd3 Rfe8 19.Rhe1 d5 20.exd5 e4 21.Bxe4 Nxe4 22.Ba7 Nc5
23.Qd4 Rbd8 24.Rxe7 Rxe7 25.Qxc5 Qxc5 26.Bxc5 Re4 27.d6 Rxf4 28.Nd3 Rf5 29.Bxb4 Bxg2
30.c4 Bf3 31.Rd2 g5 32.Kc2 h5 33.Kc3 g4 34.Kd4 a5 35.Bc5 f6 36.b4 axb4 37.Bxb4 h4
38.c5 Rd5+ 39.Ke3 Re8+ 40.Kf2 Be4 41.Nf4 Rxd2+ 42.Bxd2 Bc6  1/2-1/2

[Event "ch-FENACH"]
[Site "Santiago CHI"]
[Date "2005.01.06"]
[Round "6"]
[White "Rios Escobar,A"]
[Black "Vera Soto,S"]
[Result "1-0"]
[WhiteElo "2235"]
[BlackElo "2171"]

1.e4 c5 2.Nf3 Nc6 3.d4 cxd4 4.Nxd4 Nf6 5.Nc3 d6 6.Bg5 e6 7.Qd2 a6 8.O-O-O h6
9.Bf4 Bd7 10.Bg3 Nxd4 11.Qxd4 Bc6 12.Be2 Be7 13.Kb1 b5 14.Bf3 e5 15.Qe3 b4
16.Nd5 Bxd5 17.exd5 Nd7 18.Be2 O-O 19.f4 exf4 20.Bxf4 Bg5 21.g3 Re8 22.Qf3 Nb6
23.Rd4 Bf6 24.Rxb4 a5 25.Rb5 Na4 26.Bd2 Qe7 27.Bd3 Rab8 28.c3 Qd7 29.Rb3 Nc5
30.Rxb8 Rxb8 31.Bc2 Qb5 32.Bc1 Bg5 33.b3 a4 34.b4 Bxc1 35.Kxc1 Nd7 36.Qd3 Qb6
37.Re1 Ne5 38.Qh7+ Kf8 39.Qh8+ Ke7 40.Qxg7 Rc8 41.Qxh6  1-0

[Event "XI Open A"]
[Site "Bosnjaci CRO"]
[Date "2005.01.08"]
[Round "8"]
[White "Popovic,Du"]
[Black "Nevednichy,V"]
[Result "1-0"]
[WhiteElo "2447"]
[BlackElo "2552"]

1.e4 c5 2.Nf3 d6 3.d4 cxd4 4.Nxd4 Nf6 5.Nc3 Nc6 6.Bg5 g6 7.Bxf6 exf6 8.Bc4 a6
9.O-O Bg7 10.Nde2 O-O 11.Qd2 f5 12.Ng3 Qh4 13.f4 Nd4 14.Rae1 Qd8 15.exf5 Nxf5
16.Nxf5 Bxf5 17.Nd5 Be6 18.c3 b5 19.Bb3 Kh8 20.Kh1 a5 21.Ne3 b4 22.f5 bxc3
23.bxc3 Bxb3 24.axb3 Qg5 25.Qd3 Rab8 26.c4 Rfe8 27.fxg6 fxg6 28.Nd5 Rxe1
29.Rxe1 Qh4 30.g3 Qd4 31.Qxd4 Bxd4 32.Rd1 Bc5 33.Rd3 Re8 34.Nc3 g5 35.g4 Kg7
36.Kg2 Kg6 37.Kf3 Rf8+ 38.Ke4 Rf4+ 39.Kd5 Rxg4 40.Ne4 Bb4 41.Nxd6 Rg2 42.h3 Rc2
43.Ne4 h5 44.c5 g4 45.hxg4 hxg4 46.c6 Kf5 47.Nd6+ Kf4 48.Nc4 Rh2 49.c7 Rh8
50.Rd4+ Kg5 51.Ne3 g3 52.Rg4+ Kf6 53.Kc6 Rh5 54.Kb7 Rh7 55.Kb8 Bd6 56.Nc4 Kf5
57.Nxd6+  1-0

[Event "Open"]
[Site "Prague CZE"]
[Date "2005.01.18"]
[Round "6"]
[White "Holusova,T"]
[Black "Zakoucka,A"]
[Result "1-0"]
[WhiteElo "2127"]
[BlackElo "2021"]

1.e4 c5 2.Nf3 Nc6 3.d4 cxd4 4.Nxd4 Nf6 5.Nc3 d6 6.Bg5 e5 7.Ndb5 a6 8.Na3 b5
9.Bxf6 gxf6 10.Nd5 f5 11.c3 fxe4 12.Bxb5 Bd7 13.Ba4 Be7 14.Nc4 O-O 15.Ncb6 Rb8
16.Nxd7 Qxd7 17.Bxc6 Qe6 18.Nxe7+ Qxe7 19.Bxe4 Rxb2 20.Qh5 f6 21.O-O Re8  1-0

[Event "Open"]
[Site "Prague CZE"]
[Date "2005.01.20"]
[Round "8"]
[White "Toman,Jar"]
[Black "Leks,H"]
[Result "1-0"]
[WhiteElo "2134"]
[BlackElo "2170"]

1.e4 c5 2.Nf3 d6 3.d4 cxd4 4.Nxd4 Nf6 5.Nc3 Nc6 6.Bg5 e6 7.Qd2 a6 8.O-O-O h6
9.Be3 Nxd4 10.Bxd4 b5 11.a3 Bb7 12.f3 Qc7 13.g4 Bc6 14.h4 Qb7 15.Bh3 O-O-O
16.g5 Nd7 17.g6 Kb8 18.gxf7 e5 19.Be3 Nf6 20.Be6 Ka8 21.Nd5 Nxd5 22.exd5 Bd7
23.f4 Be7 24.f5 Rc8 25.Rdg1 Bf6 26.Rg4 Rc4 27.Rxc4 bxc4 28.Qb4  1-0

[Event "Zimski Winter Open"]
[Site "Belgrade SCG"]
[Date "2005.01.23"]
[Round "2"]
[White "Radovic,G"]
[Black "Ivanovic,N"]
[Result "0-1"]
[WhiteElo "2089"]
[BlackElo "2205"]

1.e4 c5 2.Nf3 Nc6 3.d4 cxd4 4.Nxd4 Nf6 5.Nc3 d6 6.Bg5 Bd7 7.Nb3 Rc8 8.f4 e6
9.Be2 a6 10.O-O b5 11.a3 Be7 12.Qe1 h6 13.Bh4 O-O 14.Bf2 Qc7 15.Be3 Rfe8
16.Qg3 Kh8 17.Rad1 b4 18.axb4 Nxb4 19.e5 Nfd5 20.exd6 Bxd6 21.Bd4 Rg8 22.Nxd5 Nxd5
23.Bxa6 Nxf4 24.Qh4 e5 25.Rxf4 Qxc2 26.Rc1 Qxb3 27.Bxc8 exd4 28.Rf3 Qxb2
29.Rcf1 Bxc8 30.Rf6 Bf8 31.Rxf7 Bb7 32.R7f2 Qb4 33.Kh1 Ba6 34.Rd1 d3 35.Rf4 Qb3
36.Rg1 g5 37.Rb4 Qxb4  0-1

[Event "13th Fajr Open"]
[Site "Tehran IRI"]
[Date "2005.01.30"]
[Round "6"]
[White "Guseinov,G"]
[Black "Guliev,L"]
[Result "1-0"]
[WhiteElo "2574"]
[BlackElo "2391"]

1.e4 c5 2.Nf3 d6 3.d4 cxd4 4.Nxd4 Nf6 5.Nc3 Nc6 6.Bg5 e6 7.Qd2 a6 8.O-O-O h6
9.Nxc6 bxc6 10.Bf4 d5 11.Qe3 Bb4 12.Be2 O-O 13.e5 Nh7 14.h4 Be7 15.Bd3 f5
16.Qg3 Kh8 17.Ne2 Rb8 18.Be3 Rf7 19.Nf4 Nf8 20.Ng6+ Nxg6 21.Qxg6 Qe8 22.g4 Rf8
23.gxf5 exf5 24.Rdg1 Qxg6 25.Rxg6 f4 26.Bd2 Bc5 27.Rxc6 Bxf2 28.e6 f3 29.h5 Bg3
30.e7 Re8 31.Rxh6+ gxh6 32.Bc3+ Kg8 33.Rg1 Rxe7 34.Rxg3+ Kf8 35.Bd4 Ke8 36.Rxf3 a5
37.a4 Re6 38.b3 Ra8 39.Bg6+ Kd8 40.Bf7 Re1+ 41.Kd2 Re4 42.Bb6+  1-0

[Event "10th HIT Open A"]
[Site "Nova Gorica SLO"]
[Date "2005.02.01"]
[Round "7"]
[White "Borisek,J"]
[Black "Kozul,Z"]
[Result "0-1"]
[WhiteElo "2489"]
[BlackElo "2595"]

1.e4 c5 2.Nf3 Nc6 3.d4 cxd4 4.Nxd4 Nf6 5.Nc3 d6 6.Bg5 e6 7.Qd2 a6 8.O-O-O Bd7
9.f4 b5 10.Nxc6 Bxc6 11.Bd3 b4 12.Ne2 Qb6 13.Ng3 Ng4 14.f5 Ne5 15.fxe6 fxe6
16.Be2 a5 17.Kb1 Qc7 18.Bh5+ g6 19.Bf6 Rg8 20.Be2 Bg7 21.Bxg7 Rxg7 22.Qxd6 Qxd6
23.Rxd6 Ke7 24.Rdd1 h5 25.h4 Rf7 26.Rhf1 Raf8 27.Rxf7+ Rxf7 28.Rf1 Rxf1+
29.Bxf1 Kf6 30.Be2 Nd7 31.Kc1 Ke5 32.Kd2 Nc5 33.Ke3 Na4 34.b3 Nc3 35.Bf3 Bb7
36.Ne2 Nxe2 37.Bxe2 Bxe4 38.Bd3 Bf5 39.g3 Kd5 40.Bxf5 gxf5 41.Kf4 Kd4 42.Kg5 Ke5
43.Kxh5 Kf6 44.g4 e5 45.g5+ Kg7  0-1

[Event "It"]
[Site "Chernigov UKR"]
[Date "2005.02.03"]
[Round "15"]
[White "Potebnya,V"]
[Black "Krupko,A"]
[Result "0-1"]
[WhiteElo "2225"]
[BlackElo "2178"]

1.e4 c5 2.Nf3 d6 3.d4 cxd4 4.Nxd4 Nf6 5.Nc3 Nc6 6.Bg5 e6 7.Qd2 a6 8.O-O-O h6
9.Be3 Be7 10.f4 Bd7 11.Be2 Nxd4 12.Bxd4 Bc6 13.Bf3 Rc8 14.g4 Qa5 15.h4 e5
16.Bf2 b5 17.g5 Nd7 18.f5 b4 19.Nd5 Qxa2 20.Qxb4 Rb8 21.Qa3 Bxd5 22.Rxd5 Qxa3
23.bxa3 hxg5 24.h5 g4 25.Bg2 Nf6 26.Ra5 Ra8 27.Kd2 Rxh5 28.Rxh5 Nxh5 29.Bf1 g3
30.Be3 Nf6 31.Bb5+ Kd8 32.Bc6 Rb8 33.Rxa6 Kc7 34.Ra7+ Kxc6 35.Rxe7 Nxe4+
36.Kd3 d5 37.Rxf7 Ra8 38.Rxg7 Rxa3+ 39.Ke2 Rc3 40.Rg6+ Kd7 41.Re6 g2 42.Rg6 Rxc2+
43.Kf3 Nd6 44.f6 d4 45.Bf2 e4+ 46.Kxg2 e3 47.Rg7+ Ke6 48.Re7+ Kxf6  0-1

[Event "XII TCh-RUS 1st League"]
[Site "Smolensk RUS"]
[Date "2005.02.03"]
[Round "1"]
[White "Panchenko,D"]
[Black "Newerovski,G"]
[Result "1-0"]
[WhiteElo "2400"]
[BlackElo "2321"]

1.e4 c5 2.Nf3 d6 3.d4 cxd4 4.Nxd4 Nf6 5.Nc3 Nc6 6.Bg5 e6 7.Qd2 Be7 8.O-O-O O-O
9.f3 a6 10.Be3 Nxd4 11.Bxd4 b5 12.g4 b4 13.Ne2 a5 14.Ng3 Bb7 15.g5 Nd7 16.h4 Rc8
17.Kb1 Qc7 18.Nh5 e5 19.Be3 f5 20.gxf6 Nxf6 21.Nxf6+ Rxf6 22.Be2 d5 23.exd5 Rd6
24.Bd3 Bxd5 25.Qg2 a4 26.Qg4 a3 27.Rhg1 Bf6 28.Bf5 Rcd8 29.Rxd5 Rxd5 30.Be6+ Kh8
31.Bxd5 Rxd5 32.Qxb4 Be7 33.Qg4 Bc5 34.Bxc5 Rxc5 35.Qa4 Qc8 36.Qxa3 Rxc2
37.Qe7 Rc7 38.Qxe5 Qd8 39.Re1  1-0

[Event "XII TCh-RUS 1st League"]
[Site "Smolensk RUS"]
[Date "2005.02.10"]
[Round "9"]
[White "Panchenko,D"]
[Black "Kalugin,S"]
[Result "1/2-1/2"]
[WhiteElo "2400"]
[BlackElo "2454"]

1.e4 c5 2.Nf3 Nc6 3.d4 cxd4 4.Nxd4 Nf6 5.Nc3 d6 6.Bg5 e6 7.Qd2 a6 8.O-O-O h6
9.Be3 Bd7 10.f3 b5 11.Bd3 Ne5 12.Kb1 Rc8 13.g4 Nc4 14.Bxc4 Rxc4 15.h4 g6
16.Nce2 Bc8 17.Nb3 Qc7 18.Bd4 e5 19.Bc3 Rc6 20.Na5 Rb6 21.Bb4 Be6 22.Nc3 h5
23.g5 Nd7 24.Nd5 Bxd5 25.exd5 Bg7 26.Nc6 Rb7 27.Qc3 Nb6 28.f4 Nc4 29.b3 a5
30.Nxa5 Nxa5 31.Qxc7 Rxc7 32.Bxa5 Re7 33.Bc3 f5 34.gxf6 Bxf6 35.fxe5 Bxe5
36.Bxe5 Rxe5 37.Rhe1 Kd7 38.Rxe5 dxe5 39.Rg1 Kd6 40.c4 bxc4 41.bxc4 Kc5 42.Rxg6 Kxc4
43.d6 Rb8+ 44.Kc1 Kd5 45.d7 Rd8 46.Rg7 Ke6 47.Kd2  1/2-1/2

[Event "FSGM February"]
[Site "Budapest HUN"]
[Date "2005.02.12"]
[Round "8"]
[White "Kristjansson,St"]
[Black "Boros,De"]
[Result "1/2-1/2"]
[WhiteElo "2438"]
[BlackElo "2404"]

1.e4 c5 2.Nf3 d6 3.d4 cxd4 4.Nxd4 Nf6 5.Nc3 Nc6 6.Bg5 Bd7 7.Be2 e6 8.Bxf6 gxf6
9.O-O a6 10.Kh1 b5 11.Bh5 Qb6 12.Nxc6 Bxc6 13.Qg4 Ke7 14.Rae1 Qc5 15.Qf3 Bg7
16.Nd5+ Kf8 17.Nxf6 Ra7 18.Bg4 Bxf6 19.Qxf6 Qe5 20.Qh6+ Qg7 21.Qh4 Rd7 22.c3 d5
23.Bf3 Rg8 24.e5 Qg5 25.Qxg5 Rxg5 26.g3 Ke7 27.Bg2 Rg8 28.Rd1 b4 29.cxb4 Rb7
30.Rd4 a5 31.a3 axb4 32.Rh4 Ra8 33.Ra1 bxa3 34.bxa3 Rb3 35.Rxh7 Raxa3 36.Rxa3 Rxa3
37.h4 Ba4 38.Rh8 d4 39.Rb8 d3 40.Rb7+ Kf8 41.Rb8+ Ke7 42.Rb7+ Kd8 43.Rb4 Ke7
44.Rd4 Bb5 45.h5 Ra4 46.Rd6 Kf8 47.Kh2 Kg7 48.Bf1 Ra3 49.f4 Bc4 50.Rd4 Ba6
51.Kg2 Ra1 52.g4 d2 53.Bxa6 d1=Q 54.Rxd1 Rxd1 55.g5 Rd8 56.Kf3 Ra8 57.Bd3 Ra3
58.Ke3 Ra4 59.h6+ Kg8 60.Be4  1/2-1/2

[Event "71st ch-BRA"]
[Site "Sao Paulo BRA"]
[Date "2005.02.17"]
[Round "6"]
[White "Tasoko,T"]
[Black "Azevedo,A"]
[Result "0-1"]
[WhiteElo "1935"]
[BlackElo "2175"]

1.e4 c5 2.Nf3 Nc6 3.d4 cxd4 4.Nxd4 Nf6 5.Nc3 d6 6.Bg5 e6 7.f4 Be7 8.Be2 h6
9.Bh4 O-O 10.Bf2 Qc7 11.Qd2 a6 12.Bf3 Bd7 13.Rg1 b5 14.g4 Nxd4 15.Bxd4 e5
16.Be3 b4 17.Nd5 Nxd5 18.exd5 exf4 19.Bxf4 Bh4+ 20.Kd1 Rfe8 21.Qxb4 Qa7 22.Rf1 Rab8
23.Qd2 Rxb2 24.Bxd6 Ba4 25.Rc1 Bb5 26.Rh1 Re3 27.Bg2 Be2+ 28.Qxe2 Rxe2  0-1

[Event "Extraliga CZE 2004-5"]
[Site "Czech Rep CZE"]
[Date "2005.02.19"]
[Round "6"]
[White "Zawadzki,S"]
[Black "Cicak,S"]
[Result "0-1"]
[WhiteElo "2398"]
[BlackElo "2552"]

1.e4 c5 2.Nf3 d6 3.d4 cxd4 4.Nxd4 Nf6 5.Nc3 Nc6 6.Bg5 e6 7.Qd2 a6 8.O-O-O Qc7
9.Kb1 Bd7 10.f3 Be7 11.h4 h5 12.Qf2 Ne5 13.Nce2 b5 14.Nc1 Nc4 15.c3 Rc8 16.Bd3 g6
17.Nc2 Nb6 18.Qg3 Na4 19.Rhe1 a5 20.f4 Nc5 21.f5 gxf5 22.exf5 e5 23.Bxf6 Bxf6
24.Ne3 Bc6 25.Ka1 Qe7 26.Nb3 Nxd3 27.Rxd3 Bxh4 28.Qg7 Bf6 29.Qg3 a4 30.Nd2 Kf8
31.Qh3 a3 32.Nd5 axb2+ 33.Kxb2 Bxd5 34.Rxd5 e4 35.Nxe4 Bxc3+ 36.Nxc3 Qxe1
37.f6 Re8 38.Rxb5 Qf2+ 39.Kb3 Qxf6 40.a4 h4  0-1

[Event "Extraliga CZE 2004-5"]
[Site "Czech Rep CZE"]
[Date "2005.02.20"]
[Round "7"]
[White "Klima,L"]
[Black "Lanka,Z"]
[Result "1/2-1/2"]
[WhiteElo "2484"]
[BlackElo "2455"]

1.e4 c5 2.Nf3 Nc6 3.d4 cxd4 4.Nxd4 Nf6 5.Nc3 d6 6.Bg5 e6 7.Qd2 a6 8.O-O-O Bd7
9.f4 h6 10.Bh4 g5 11.fxg5 Ng4 12.Nf3 hxg5 13.Bg3  1/2-1/2

[Event "71st ch-BRA"]
[Site "Sao Paulo BRA"]
[Date "2005.02.20"]
[Round "9"]
[White "Coelho,L"]
[Black "Milos,G"]
[Result "0-1"]
[WhiteElo "2381"]
[BlackElo "2598"]

1.e4 c5 2.Nf3 Nc6 3.d4 cxd4 4.Nxd4 Nf6 5.Nc3 d6 6.Bg5 e6 7.Qd2 a6 8.O-O-O Bd7
9.f3 Qc7 10.Kb1 Rc8 11.h4 h5 12.Nxc6 Bxc6 13.Bf4 Rd8 14.Qe1 Be7 15.Bd3 Nd7
16.Qg3 g6 17.Bg5 Nc5 18.Rd2 b5 19.Re1 Bxg5 20.hxg5 O-O 21.Red1 b4 22.Ne2 a5
23.Qh4 Kg7 24.g4 Rh8 25.gxh5 Rxh5 26.Qf4 Qe7 27.Bc4 Rxg5 28.Rxd6 Rxd6 29.Qxd6 Qxd6
30.Rxd6 Bb7 31.Kc1 Kf6 32.Rb6 Ke7 33.c3 bxc3 34.bxc3 Kd7 35.Kd2 Kc7 36.Rb1 Bc6
37.Ke3 Nd7 38.f4 Rh5 39.Rg1 Rh3+ 40.Rg3 Rh2 41.Nd4 Nb6 42.Be2 Bb7 43.Rg5 Rh3+
44.Nf3 f5 45.Bf1 Rh6 46.exf5 Nd5+ 47.Kf2 exf5 48.Ne5 Nxf4 49.Ke3 Nd5+ 50.Kd4 Ne7
51.Bc4 f4 52.Bd3 Rh5 53.Rxh5 gxh5 54.Be4 Nc6+ 55.Bxc6 Bxc6 56.Ng6 f3 57.Ke3 Kd6
58.Nh4 Kc5  0-1

[Event "12th Metalis Open"]
[Site "Bizovac CRO"]
[Date "2005.02.24"]
[Round "2"]
[White "Saric,Iv"]
[Black "Kozul,Z"]
[Result "0-1"]
[WhiteElo "2273"]
[BlackElo "2595"]

1.e4 c5 2.Nf3 Nc6 3.d4 cxd4 4.Nxd4 Nf6 5.Nc3 d6 6.Bg5 e6 7.Qd2 a6 8.O-O-O Bd7
9.f4 b5 10.Nf3 b4 11.Bxf6 gxf6 12.Ne2 h5 13.Kb1 Qb6 14.e5 fxe5 15.fxe5 d5
16.Qf4 Qc7 17.Ned4 Nxd4 18.Qxd4 Rg8 19.Qf2 a5 20.Bd3 Qc5 21.Nd4 Be7 22.Rhf1 Rg7
23.Be2 h4 24.Bh5 O-O-O 25.c3 Kb7 26.cxb4 axb4 27.Rc1 Qb6 28.Nb3 Qxf2 29.Rxf2 Kb6
30.Rcf1 Bb5 31.Be2 Be8 32.Bh5 Bc5 33.Rf3 Rd7 34.g4 hxg3 35.hxg3  0-1

[Event "12th Metalis Open"]
[Site "Bizovac CRO"]
[Date "2005.02.26"]
[Round "6"]
[White "Fercec,N"]
[Black "Kozul,Z"]
[Result "1/2-1/2"]
[WhiteElo "2498"]
[BlackElo "2595"]

1.e4 c5 2.Nf3 Nc6 3.d4 cxd4 4.Nxd4 Nf6 5.Nc3 d6 6.Bg5 e6 7.Qd2 a6 8.O-O-O Bd7
9.f4 b5 10.Bxf6 gxf6 11.Kb1 Qb6 12.Nxc6 Bxc6 13.Qe1 O-O-O 14.Bd3 b4 15.Ne2 d5
16.e5 fxe5 17.fxe5 Bb7 18.Rf1 Rd7 19.Qg3 h5 20.h4 Qd8 21.Nd4  1/2-1/2

[Event "FSGM March"]
[Site "Budapest HUN"]
[Date "2005.03.05"]
[Round "1"]
[White "Papp,Ga"]
[Black "Pataki,G"]
[Result "1/2-1/2"]
[WhiteElo "2477"]
[BlackElo "2321"]

1.e4 c5 2.Nf3 Nc6 3.d4 cxd4 4.Nxd4 Nf6 5.Nc3 d6 6.Bg5 e6 7.Qd2 Be7 8.O-O-O a6
9.f4 Nxd4 10.Qxd4 b5 11.Bxf6 gxf6 12.e5 d5 13.f5 O-O 14.Bd3 fxe5 15.Qxe5 Bf6
16.Qg3+ Kh8 17.Qh3 Ra7 18.Kb1 Qe7 19.Rhf1 b4 20.fxe6 fxe6 21.Ne2 Qc7 22.Nf4 Rg8
23.Qh5 Rg5 24.Qe8+ Rg8 25.Qh5 Rg5 26.Qh6 Qg7 27.Qxg7+ Kxg7 28.Rde1 Re5 29.g4 Rxe1+
30.Rxe1 Bh4 31.Nxe6+ Bxe6 32.Rxe6 Re7 33.Rxe7+ Bxe7 34.Bxa6 Kf6 35.h4 Kg7
36.h5 h6 37.Kc1 Bg5+ 38.Kb1 Kf6 39.a4 bxa3 40.bxa3 Ke5 41.Kb2 Kd4 42.Kb3 Bd2
43.Bd3 Kc5 44.c3 Bg5 45.Bg6 Bf6 46.Bd3 Bg5 47.a4 Bd8 48.Bb5 Bf6 49.Kc2 Bg5
50.Kd3 Bf6 51.Be8 Bd8 52.Bf7 Bf6 53.Be8 Bd8 54.Bd7 Kd6 55.Bb5 Kc5 56.Be8 Kd6
57.a5 Bxa5 58.g5 hxg5 59.h6 Bd8 60.h7 Bf6  1/2-1/2

[Event "ch-BLR"]
[Site "Minsk BLR"]
[Date "2005.03.06"]
[Round "3"]
[White "Zhigalko,A"]
[Black "Lutsko,I"]
[Result "1/2-1/2"]
[WhiteElo "2532"]
[BlackElo "2527"]

1.e4 c5 2.Nf3 d6 3.d4 cxd4 4.Nxd4 Nf6 5.Nc3 Nc6 6.Bg5 e6 7.Qd2 a6 8.O-O-O Bd7
9.f3 h6 10.Be3 b5 11.Kb1 Ne5 12.Bd3 Qc7 13.g4 b4 14.Nce2 d5 15.Ng3 Bc5 16.Qf2 Qb6
17.Ndf5 Bxe3 18.Nxe3 Bc6 19.Rhf1 Rd8 20.h4 dxe4 21.fxe4 h5 22.Qf4 Ng6 23.Qf3 Ne5
24.Qf4 Ng6 25.Qf3 Ne5 26.Qf4 Ng6  1/2-1/2

[Event "Acropolis Women's GM Open"]
[Site "Athens GRE"]
[Date "2005.03.10"]
[Round "5"]
[White "Trabert,B"]
[Black "Petraki,M"]
[Result "1-0"]
[WhiteElo "2357"]
[BlackElo "2128"]

1.e4 c5 2.Nf3 d6 3.d4 cxd4 4.Nxd4 Nf6 5.Nc3 Nc6 6.Bg5 e6 7.Qd2 a6 8.O-O-O Bd7
9.f3 Be7 10.h4 h6 11.Be3 h5 12.Bg5 Ne5 13.Be2 b5 14.Bxf6 Bxf6 15.f4 b4 16.Nd5 exd5
17.fxe5 dxe5 18.Nf5 Bxf5 19.exf5 d4 20.Qxb4 Rb8 21.Qa4+ Kf8 22.Rh3 e4 23.Rb3 Rc8
24.Bxa6 Ra8 25.Qc4 Bxh4 26.Rb7 Qg5+ 27.Kb1 Qxf5 28.Rxd4 Rh6 29.Rxe4 Rd8 30.a3 Rxa6
31.Rf4 Rd1+ 32.Ka2 Qd5 33.Qxd5 Rxd5 34.Rxh4 Rf6 35.c4 Rg5 36.Rd4 g6 37.Rd2 Rg3
38.c5 g5 39.Rc2 Rc6 40.Rb6 Rc7 41.Rb3 Rg4 42.Rd3 Re4 43.b4 f5 44.c6 Re6 45.b5 Ke7
46.b6  1-0